| 000 | 00629nam a22001697a 4500 | ||
|---|---|---|---|
| 999 |
_c122047 _d122047 |
||
| 005 | 20210422152422.0 | ||
| 008 | 210422b ||||| |||| 00| 0 eng d | ||
| 040 | _cPK-LaUMT | ||
| 082 |
_aRHC 297.72092 _bUME-M |
||
| 100 | _aUmer Farooq, Muhammad = عمر فاروق، محمد | ||
| 245 |
_aMaulana Muhammad Gull Sher Shaheed =مولانا محمد گل شیر شہید : _bsawaneh wa khidmaat = سوانح و خدمات / _cby Muhammad Umer Farooq = محمد عمر فاروق |
||
| 260 |
_aMultan : _bBokhari Academy, _c1992 |
||
| 300 | _a404 p. | ||
| 650 | _aJihad | ||
| 650 | _aMuhammad Gul Sher-Biography | ||
| 942 | _cBK | ||